|
|
|
|
| LEADER |
00000cam a22000004a 4500 |
| 001 |
musev2_44010 |
| 003 |
MdBmJHUP |
| 005 |
20230905044615.0 |
| 006 |
m o d |
| 007 |
cr||||||||nn|n |
| 008 |
100819t20102010ncu o 00 0 eng d |
| 020 |
|
|
|a 9781469604107
|
| 020 |
|
|
|z 9780807895818
|
| 020 |
|
|
|z 9780807871010
|
| 020 |
|
|
|z 9780807833544
|
| 035 |
|
|
|a (OCoLC)656841471
|
| 040 |
|
|
|a MdBmJHUP
|c MdBmJHUP
|
| 100 |
1 |
|
|a Kelley, Blair Murphy,
|d 1973-
|e author.
|
| 245 |
1 |
0 |
|a Right to Ride :
|b Streetcar Boycotts and African American Citizenship in the Era of Plessy v. Ferguson /
|c Blair L.M. Kelley.
|
| 264 |
|
1 |
|a Chapel Hill :
|b The University of North Carolina Press,
|c [2010]
|
| 264 |
|
3 |
|a Baltimore, Md. :
|b Project MUSE,
|c 2017
|
| 264 |
|
4 |
|c ©[2010]
|
| 300 |
|
|
|a 1 online resource (280 pages):
|b illustrations
|
| 336 |
|
|
|a text
|b txt
|2 rdacontent
|
| 337 |
|
|
|a computer
|b c
|2 rdamedia
|
| 338 |
|
|
|a online resource
|b cr
|2 rdacarrier
|
| 490 |
0 |
|
|a The John Hope Franklin series in African American history and culture
|
| 505 |
0 |
|
|a Acknowledgments -- Introduction -- New York : the Antebellum roots of segregation and dissent -- The color line and the ladies' car : segregation on southern rails before Plessy -- Our people, our problem? : Plessy and the divided New Orleans -- Where are our friends? : crumbling alliances and New Orleans streetcar boycott -- Who's to blame? : Maggie Lena Walker, John Mitchell Jr., and the great class debate -- Negroes everywhere are walking : work, women, and the Richmond streetcar boycott -- Battling Jim Crow's buzzards : betrayal and the Savannah streetcar boycott -- Bend with unabated protest: on the meaning of failure -- Notes -- Bibliography -- Index.
|
| 520 |
|
|
|a Focusing on three key cities--New Orleans, Richmond, and Savannah--Kelley explores African Americans' organized efforts to resist the passage of segregation laws dividing trains and streetcars by race in the early Jim Crow era. The book forces a reassessment of the timelines of the black freedom struggle, revealing that a period once dismissed as the age of accommodation should in fact be characterized as part of a history of protest and resistance.
|
| 588 |
|
|
|a Description based on print version record.
|
| 650 |
|
7 |
|a Segregation in transportation.
|2 fast
|0 (OCoLC)fst01111234
|
| 650 |
|
7 |
|a Race relations.
|2 fast
|0 (OCoLC)fst01086509
|
| 650 |
|
7 |
|a Civil rights movements.
|2 fast
|0 (OCoLC)fst00862708
|
| 650 |
|
7 |
|a Boycotts.
|2 fast
|0 (OCoLC)fst00837348
|
| 650 |
|
7 |
|a African Americans
|x Civil rights.
|2 fast
|0 (OCoLC)fst00799575
|
| 650 |
|
7 |
|a SOCIAL SCIENCE
|x Ethnic Studies
|x African American Studies.
|2 bisacsh
|
| 650 |
|
6 |
|a Boycottage
|z États-Unis
|x Histoire.
|
| 650 |
|
6 |
|a Segregation dans le transport
|z États-Unis
|x Histoire.
|
| 650 |
|
6 |
|a Mouvements des droits de l'homme
|z États-Unis
|x Histoire.
|
| 650 |
|
6 |
|a Noirs americains
|x Droits
|x Histoire.
|
| 650 |
|
0 |
|a Boycotts
|z United States
|x History.
|
| 650 |
|
0 |
|a Segregation in transportation
|z United States
|x History.
|
| 650 |
|
0 |
|a Civil rights movements
|z United States
|x History.
|
| 650 |
|
0 |
|a African Americans
|x Civil rights
|x History.
|
| 651 |
|
7 |
|a Virginia
|z Richmond.
|2 fast
|0 (OCoLC)fst01205345
|
| 651 |
|
7 |
|a United States.
|2 fast
|0 (OCoLC)fst01204155
|
| 651 |
|
7 |
|a Louisiana
|z New Orleans.
|2 fast
|0 (OCoLC)fst01204311
|
| 651 |
|
7 |
|a Georgia
|z Savannah.
|2 fast
|0 (OCoLC)fst01207319
|
| 651 |
|
6 |
|a États-Unis
|x Relations raciales
|x Histoire.
|
| 651 |
|
0 |
|a Savannah (Ga.)
|x Race relations
|x History.
|
| 651 |
|
0 |
|a Richmond (Va.)
|x Race relations
|x History.
|
| 651 |
|
0 |
|a New Orleans (La.)
|x Race relations
|x History.
|
| 651 |
|
0 |
|a United States
|x Race relations
|x History.
|
| 655 |
|
7 |
|a History.
|2 fast
|0 (OCoLC)fst01411628
|
| 655 |
|
7 |
|a Electronic books.
|2 local
|
| 710 |
2 |
|
|a Project Muse.
|e distributor
|
| 830 |
|
0 |
|a Book collections on Project MUSE.
|
| 856 |
4 |
0 |
|z Texto completo
|u https://projectmuse.uam.elogim.com/book/44010/
|
| 945 |
|
|
|a Project MUSE - Custom Collection
|
| 945 |
|
|
|a Project MUSE - Archive Complete Supplement V
|
| 945 |
|
|
|a Project MUSE - Archive History Supplement V
|
| 945 |
|
|
|a Project MUSE - Archive American Studies Supplement IV
|